Đọc nâng cao 1 Đọc 1

Bewaard in:
Bibliografische gegevens
Hoofdauteur: Khoa Pháp
Formaat: Boek
Taal:French
Gepubliceerd in: 2008
Onderwerpen:
Tags: Voeg label toe
Geen labels, Wees de eerste die dit record labelt!
Thư viện lưu trữ: Mạng thư viện Đại học Đà Nẵng
LEADER 00998nam a22003251a 4500
001 000036235
003 12530
005 20160329000000.0
008 160329s2008 000 fre
041 |a fre 
082 |a 448.4  |b KH-P  |2 Đọc 1 
100 |a Khoa Pháp 
245 |a Đọc nâng cao 1  |c Khoa Pháp  |n Đọc 1 
260 |c 2008 
300 |a 148tr . : mh ; 30cm 
650 |a Đọc nâng cao 1, Đọc 
852 |b Chuyên đề  |c Giáo trình 
OWN |a LNN 
AVA |a UDN50  |b LNN  |d 448.4 KH-P  |e available  |t Error 5001 Not defined in file expand_doc_bib_avail.  |f 1  |g 0  |h N  |i 0  |k 1 
999 |a From the UDN01 
AVA |a UDN50  |b LNN  |d 448.4 KH-P  |e available  |t Error 5001 Not defined in file expand_doc_bib_avail.  |f 1  |g 0  |h N  |i 0  |k 1 
TYP |a Monograph 
TYP |a Printed language 
980 |a Mạng thư viện Đại học Đà Nẵng